[Event "Salalah Dhofar op"]
[Site "Salalah"]
[Date "2024.07.25"]
[Round "1"]
[White "Medhat, Magdy"]
[Black "Fadhil, Mohammed Salim Ahme"]
[Result "1-0"]
[WhiteElo "1869"]
[BlackElo "1467"]
[PlyCount "42"]
[EventDate "2024.07.25"]
[EventType "swiss"]
[EventRounds "7"]
[EventCountry "OMN"]
[SourceTitle "EXT 2025"]
[Source "ChessBase"]
[SourceDate "2024.10.14"]
[SourceVersion "1"]
[SourceVersionDate "2024.10.14"]
[SourceQuality "1"]

1. e4 e5 2. Nf3 Nc6 3. Bc4 Bc5 4. b4 Bb6 5. b5 Nd4 6. Nxe5 Qg5 7. Bxf7+ Kd8 8. Ng4 Nxc2+ 9. Qxc2 Qxg4 10. 0-0 Nf6 11. Nc3 Rf8 12. Bb3 Re8 13. d3 Bd4 14. Be3 Bxc3 15. Qxc3 d6 16. Rfe1 Qg6 17. Bd4 Bh3 18. g3 Nxe4 19. dxe4 Rxe4 20. Bd5 Rxe1+ 21. Rxe1 Kc8 1-0